MARC

LEADER 00000nas a22000007a 4500
001 ssj0011948
003 WaSeSS
005 20200512172242.0
006 m d
007 cr n
008 050615c19319999dcuqr pss | a0eng
010 |a  2011202364 
022 |a 2163-3541  |y 0002-8541 
035 |a (WaSeSS)ssj0011948 
037 |b American Forestry Association, 734 15th Street NW, Suite 800, Washington, DC 20005 
040 |a OCLCS  |b eng  |c OCLCS  |d NTE  |d OCLCQ  |d CO3  |d OCLCQ  |d OCLCE  |d DLC  |d OCL  |d OCLCQ  |d OCLCF  |d OCLCA  |d OCLCO  |d OCLCQ  |d Z5A  |d ZAC  |d WaSeSS 
042 |a pcc  |a nsdp 
050 1 4 |a SD1  |b .A55 
070 1 |a 99.8  |b F762 
072 0 |a K000 
082 1 0 |a 634.905  |2 14 
130 0 |a American forests (Online) 
210 0 |a Am. for.  |b (Online) 
222 0 |a American forests  |b (Online) 
245 1 0 |a American forests  |h [electronic resource]. 
246 1 |a American forests magazine 
260 |a Washington, D.C. :  |b American Forestry Association 
310 |a Quarterly,  |b Autumn 1995- 
321 |a Frequency varies,  |b Jan. 1931-July/Aug. 1995 
362 1 |a Print began with v. 37, no. 1 (Jan. 1931). 
506 |a License restrictions may limit access. 
515 |a Some no. combined. 
550 |a Issued by: American Forests, <Mar./Apr. 1995-> 
580 |a Vols. for 1978-<1992> include section: National register of big trees, also published separately <1994?->; Issues for Mar./Apr. 1995-Aug. 1995 include special section titled: Urban forests, previously published separately. 
588 |a Description based on: Spring 2011; title from title screen (Americanforests.org, viewed Sept. 2, 2011). 
650 0 |a Forests and forestry  |v Periodicals. 
650 0 |a Urban forestry  |v Periodicals. 
650 6 |a Forêts  |v Périodiques. 
650 7 |a Forests and forestry.  |2 fast  |0 (OCoLC)fst00932632 
650 7 |a Urban forestry.  |2 fast  |0 (OCoLC)fst01162426 
655 0 |a Electronic journals. 
710 2 |a American Forestry Association. 
710 2 |a American Forests (Association) 
730 0 |a National register of big trees. 
776 0 8 |i Print version:  |t American forests  |x 0002-8541  |w (DLC) 10018571  |w (OCoLC)1479884 
780 0 0 |t American forests and forest life  |w (OCoLC)567905388 
780 0 5 |t Urban forests  |g 1995 
787 1 |t National register of big trees 
856 4 0 |z Full text available from Research Library: 01/01/1994 to present  |u https://search.proquest.com/publication/7227